| 000 | 01200cam a2200229 4500 | ||
|---|---|---|---|
| 001 | ##L132072 | ||
| 008 | 051223n2004 000 0 eng u | ||
| 035 | _a(Sirsi) u132072 | ||
| 041 | 0 | _aeng | |
| 050 | 0 | 4 | _a690.97943 $2 18 |
| 110 | 2 |
_aUnited Kingdom _bDepartment of Trade and Industry |
|
| 245 | 0 | 0 |
_aModern methods of construction in Germany _bplaying the off-site rule |
| 260 |
_bPera Innovation Ltd _c2004 |
||
| 300 |
_a76p _bill _c30cm |
||
| 505 | 2 | _aExecutive summary - introduction - housing in Germany - design aspects and customer services - housing technologies - post-production aspects - commentary and conclusions | |
| 520 | _aThis DTI Global Watch Mission report examines the use made of off-site manufacturing (OSM) in the German housing industry. Discusses housing market in Germany, including tenure patterns, design aspects of OSM housing, housing technologies, including reviews of leading OSM manufacturers and their products, and post-production aspects, such as transport of components and on-site assembly processes. | ||
| 651 | 4 | _aGERMANY | |
| 690 | _aBUILT ENVIRONMENT-CONSTRUCTION DESIGN | ||
| 700 | 1 | _aVenables, Tim | |
| 700 | 1 | _aCourtney, Roger | |
| 942 | _n0 | ||
| 999 |
_c105006 _d105006 |
||